| 000 | 00422nam a2200157 i 4500 | ||
|---|---|---|---|
| 001 | 49694 | ||
| 003 | ES-MaACL | ||
| 005 | 20230906162039.0 | ||
| 007 | t| | ||
| 008 | 030721s1970 sp ||||1| spa d | ||
| 100 | 1 |
_aCoué, Jean. _941225 |
|
| 245 | 1 | 0 |
_aTras los restos del drakar _b: novela / _cJean Coué. |
| 260 |
_aBilbao : _bMensajero, _c[1970] |
||
| 300 |
_a219 p. ; _c21 cm. |
||
| 852 |
_aES-MaACL _jC-39382 _bR.76072 |
||
| 999 |
_c49694 _d49694 |
||